• 首页
  • 本馆介绍
  • 公告通知
  • 最新文献
  • 馆藏检索
  • 电子资源
  • 读者导购
  • 参考咨询
  • 我的图书馆
  • 登录
  • 详细信息显示
  • 放入我的书架
  • 预约/预借图书
  • 作者相关作品
  • 分类相关作品
  • 丛书相关作品
  • 出版社相关作品

书目信息

  • 表格格式
  • 工作单格式
  • 卡片格式
题名:
时空交汇
    
 
作者: 袁仄 主编 ;张海容 编著
分册:  
出版信息: 北京   中国纺织工业出版社  2001
页数: 119页
开本: 21cm
丛书名: 世界服装名师名牌系列
单 册:
中图分类: TS941.12
科图分类:
主题词: 服装工业
电子资源:
ISBN: 7-5064-1902-5
000 00809nam0 2200253 45
001 0201271620
005 20031219104053.2
010    @a7-5064-1902-5@dCNY26.00
100    @a20020127d2001 km y0chiy0120 ea
101 0  @achi
105    @af z 000yy
200 1  @a时空交汇@AShi Kong Jiao Hui@e传统与发展@EChuan Tong Yu Fa Zhan@f袁仄主编@FYuan Ze Zhu Bian@g张海容编著
210    @a北京@c中国纺织工业出版社@d2001
215    @a119页@c彩图@d21cm
225    @a世界服装名师名牌系列@f袁仄主编
410    @12001 @a世界服装名师名牌系列
410    @1700 0@a袁仄@AYuan Ze@4主编
517    @a传统与发展@AChuan Tong Yu Fa Zhan
606 0  @a服装工业
690    @aTS941.12@v4
701  0 @a袁仄@4主编
702  0 @a张海容@AZhang Hai Rong@4编著
801    @aCN@bTSTC@c20020127
905    @b305900-901@dTS941.12@e15@f2
    
    时空交汇:传统与发展/袁仄主编/张海容编著.-北京:中国纺织工业出版社,2001
    119页:彩图;21cm.-(世界服装名师名牌系列/袁仄主编)
    
    
    ISBN 7-5064-1902-5:CNY26.00
    
●
相关链接 在E读中查询图书 在五车中查询图书 在当当中查询图书 在豆瓣中查询图书


正题名:时空交汇     索取号:TS941.12/15         预约/预借

序号 登录号 条形码 馆藏地/架位号 状态 备注
1 0305900   203059000   第三借阅区/ [索取号:TS941.12/15] 在馆    
2 0305901   203059019   第二样本阅览室/ [索取号:TS941.12/15] 在馆    
唐山师范学院图书馆 欢迎您!
大连网信软件有限公司© 版权所有